|
|
|
|
| LEADER |
02572nam a2200565 i 4500 |
| 001 |
nkc20193096610 |
| 003 |
CZ PrNK |
| 005 |
20191120131031.0 |
| 007 |
ta |
| 008 |
190506s2019 xr c 000 f cze |
| 015 |
|
|
|a cnb003096610
|
| 020 |
|
|
|a 978-80-252-4593-4
|q (vázáno) :
|c Kč 349,00
|
| 035 |
|
|
|a (OCoLC)1107834399
|
| 040 |
|
|
|a ABG001
|b cze
|d ABA001
|e rda
|
| 041 |
1 |
|
|a cze
|h eng
|
| 072 |
|
7 |
|a 821.111-3
|x Anglická próza, anglicky psaná
|2 Konspekt
|9 25
|
| 072 |
|
7 |
|a 821-93
|x Literatura pro děti a mládež (beletrie)
|2 Konspekt
|9 26
|
| 080 |
|
|
|a 821.111(94)-31
|2 MRF
|
| 080 |
|
|
|a 821-93
|2 MRF
|
| 080 |
|
|
|a (0:82-312.9)
|2 MRF
|
| 100 |
1 |
|
|a Flanagan, John
|q (John Anthony),
|d 1944-2026
|7 xx0081982
|4 aut
|
| 240 |
1 |
0 |
|a Duel at Araluen.
|l Česky
|
| 245 |
1 |
0 |
|a Hraničářův učeň.
|n Kniha čtrnáctá,
|p Souboj na Araluenu /
|c John Flanagan ; z anglického originálu Ranger's apprentice ... Duel at Araluen přeložila Eva Dejmková
|
| 246 |
3 |
0 |
|a Souboj na Araluenu
|
| 250 |
|
|
|a První vydání
|
| 264 |
|
1 |
|a V Praze :
|b Egmont,
|c 2019
|
| 300 |
|
|
|a 293 stran ;
|c 21 cm
|
| 336 |
|
|
|a text
|b txt
|2 rdacontent
|
| 337 |
|
|
|a bez média
|b n
|2 rdamedia
|
| 338 |
|
|
|a svazek
|b nc
|2 rdacarrier
|
| 490 |
1 |
|
|a Fantasy
|
| 520 |
2 |
|
|a Další kniha fantasy série o hraničářském učni a jeho přátelích.
|b Vojáci klanu Rudé lišky se pod vedením Dimona zmocnili hradu Araluenu. V jižní věži hradu se stále jejich útokům brání princezna Kasandra a král Duncan. Kasandřin manžel, sir Horác, a hraničář Gilan jsou uvězněni v prastaré pevnosti na severu země. Jedinou nadějí na záchranu je Willova hraničářská učeňka Maddie. O pomoc požádá Skandijce - bratrstvo Volavky. Podaří se jim Horáce a Gilana osvobodit včas? Kdo bude vládnout Araluenu?
|
| 521 |
8 |
|
|a Pro čtenáře od 10 let
|
| 655 |
|
7 |
|a australské romány
|7 fd131842
|2 czenas
|
| 655 |
|
7 |
|a fantasy romány
|7 fd184199
|2 czenas
|
| 655 |
|
7 |
|a publikace pro mládež
|7 fd133157
|2 czenas
|
| 655 |
|
9 |
|a Australian fiction
|2 eczenas
|
| 655 |
|
9 |
|a fantasy novels
|2 eczenas
|
| 655 |
|
9 |
|a juvenile literature
|2 eczenas
|
| 700 |
1 |
|
|a Dejmková, Eva
|7 xx0111678
|4 trl
|
| 765 |
1 |
|
|t Ranger's apprentice
|9 Česky
|
| 787 |
0 |
8 |
|i Z cyklu:
|t Hraničářův učeň
|g 14
|
| 830 |
|
0 |
|a Fantasy (Egmont)
|0 s
|
| 910 |
2 |
|
|a BOA001
|b 2-1212.666,14
|
| 920 |
|
|
|a 4476515
|z ABG001
|
| 928 |
9 |
|
|a Albatros Media - Egmont
|
| 990 |
|
|
|a BK
|
| 995 |
|
|
|a 01
|
| 991 |
|
|
|b 201905
|c NOV
|
| 996 |
6 |
|
|b 2610781114
|c 2-1212.666,14
|l MZK
|r Sklad / do 1 hodiny
|n 3
|p p.v.
|w 001722827
|u 000010
|a 1
|e BOA001
|j MZK50
|s P
|